| 000 | 00560nam a2200169 i 4500 | ||
|---|---|---|---|
| 001 | 147214 | ||
| 003 | ES-MaACL | ||
| 005 | 20230906201902.0 | ||
| 007 | t| | ||
| 008 | 070924s1961 xxk ||||1| eng d | ||
| 100 | 0 |
_aTurner, Frederick Jackson. _9111729 |
|
| 245 | 1 | 0 |
_aFrontier and section / _cof Frederich Jackson Turner Selected essays ; with an introduction by Ray Allen Billington. |
| 260 |
_a[s.n.] : _bEnglewood Cliffs, _c[1961] |
||
| 300 |
_aX., 171 p. ; _c21 cm. |
||
| 700 | 1 |
_aBillington, Ray Allen. _928891 |
|
| 852 |
_aES-MaACL _jC-34705 _bR.66448 |
||
| 999 |
_c147214 _d147214 |
||